<?xml version="1.0" encoding="UTF-8"?>
<marc:record xmlns:marc="http://www.loc.gov/MARC21/slim">
   <marc:leader>00000nam a2200000 a 4500</marc:leader>
   <marc:datafield ind1="1" ind2=" " tag="100">
      <marc:subfield code="a">Webb, Marc [Regie]</marc:subfield>
      <marc:subfield code="4">aut</marc:subfield>
      <marc:subfield code="e">Verfasser/-in</marc:subfield>
   </marc:datafield>
   <marc:datafield ind1="1" ind2=" " tag="100">
      <marc:subfield code="a">Duncan, Lindsay</marc:subfield>
   </marc:datafield>
   <marc:datafield ind1="1" ind2=" " tag="100">
      <marc:subfield code="a">Mckenna, Grace</marc:subfield>
   </marc:datafield>
   <marc:datafield ind1="1" ind2=" " tag="100">
      <marc:subfield code="a">Evans, Chris</marc:subfield>
   </marc:datafield>
   <marc:datafield ind1=" " ind2=" " tag="653">
      <marc:subfield code="a">Hochbegabung</marc:subfield>
   </marc:datafield>
   <marc:datafield ind1=" " ind2=" " tag="653">
      <marc:subfield code="a">Alleinerziehende</marc:subfield>
   </marc:datafield>
   <marc:datafield ind1=" " ind2=" " tag="653">
      <marc:subfield code="a">Florida</marc:subfield>
   </marc:datafield>
   <marc:datafield ind1=" " ind2=" " tag="653">
      <marc:subfield code="a">Adoption</marc:subfield>
   </marc:datafield>
   <marc:datafield ind1="0" ind2="0" tag="245">
      <marc:subfield code="a">Begabt: Die Gleichung eines Lebens [Bildtonträger]</marc:subfield>
   </marc:datafield>
   <marc:datafield ind1="0" ind2="0" tag="245">
      <marc:subfield code="c">Regie von Marc Webb. Mit Chris Evans, Grace Mckenna, Lindsay Duncan</marc:subfield>
   </marc:datafield>
   <marc:datafield ind1=" " ind2="1" tag="264">
      <marc:subfield code="b">Twentieth Century Fox</marc:subfield>
      <marc:subfield code="c">2017</marc:subfield>
   </marc:datafield>
   <marc:datafield ind1="1" ind2=" " tag="520">
      <marc:subfield code="a">Der alleinstehende Frank Adler (Chris Evans) lebt zusammen mit seiner lebhaften, kleinen Nichte Mary (McKenna Grace) in einem Vorort von Tampa. Die Nachbarin Roberta (Octavia Spencer, OSCAR[r]-Preisträgerin in der Kategorie "Beste Nebendarstellerin" ), Marys "beste Freundin", hilft ihm, den Alltag zu meistern. Das glückliche Leben droht jedoch zu zerbrechen, als die Großmutter die besonderen Fähigkeiten ihres Enkelkindes bemerkt und sie an eine Schule für hochbegabte Kinder schicken will. Frank aber befürchtet, dass Mary dadurch ihrer Kindheit geraubt wird. Ein schrecklicher Streit um das Sorgerecht beginnt.</marc:subfield>
   </marc:datafield>
   <marc:datafield ind1=" " ind2=" " tag="020">
      <marc:subfield code="a">KNVTitelnr.:</marc:subfield>
      <marc:subfield code="9">KNVTitelnr.:</marc:subfield>
   </marc:datafield>
   <marc:datafield ind1=" " ind2=" " tag="041">
      <marc:subfield code="a">ger</marc:subfield>
   </marc:datafield>
   <marc:datafield ind1="0" ind2=" " tag="490">
      <marc:subfield code="v">0</marc:subfield>
   </marc:datafield>
   <marc:datafield ind1=" " ind2=" " tag="300">
      <marc:subfield code="a">97' : 1 DVD</marc:subfield>
   </marc:datafield>
</marc:record>
